[Event "LSS ZN-2009-0-00839"]
[Site "LSS email"]
[Date "2009.12.19"]
[Round "?"]
[White "Neoq, Lisa"]
[Black "Ruchay, Joachim"]
[Result "1-0"]
[WhiteElo "800"]
[BlackElo "864"]
[PlyCount "41"]
[EventDate "2009.12.11"]
[EventType "match (corr)"]
[EventRounds "2"]
[EventCountry "GER"]
[SourceTitle "Corr 2013"]
[Source "ChessBase"]
[SourceDate "2012.11.12"]
[SourceVersion "1"]
[SourceVersionDate "2012.11.12"]
[SourceQuality "1"]

1. d4 d5 2. c4 e6 3. Nc3 Bb4 4. Nf3 dxc4 5. e4 b5 6. a4 c6 7. Be2 Bb7 8. 0-0 Ne7 9. Bd2 Qc7 10. axb5 Bxc3 11. bxc6 Nbxc6 12. Bxc3 0-0 13. Bxc4 Rad8 14. d5 exd5 15. exd5 Na5 16. Qd4 Nf5 17. Bxa5 Nxd4 18. Bxc7 Nxf3+ 19. gxf3 Rc8 20. d6 Rxc7 21. dxc7 1-0